Discursos leídos ante la Academia de Ciencias Exactas, Físicas y Naturales en la recepción pública del Sr. D. Eduardo Saavedra el día 27 de junio de 1869. (Record no. 153500)
[ view plain ]
| 000 -LEADER | |
|---|---|
| campo de control de longitud fija | 01186nam a2200253 i 4500 |
| 001 - NÚMERO DE CONTROL | |
| campo de control | 153500 |
| 003 - IDENTIFICADOR DE NÚMERO DE CONTROL | |
| campo de control | ES-MaACL |
| 005 - FECHA Y HORA DE LA ÚLTIMA TRANSACCIÓN | |
| campo de control | 20250812073930.0 |
| 008 - DATOS DE LONGITUD FIJA--INFORMACIÓN GENERAL | |
| campo de control de longitud fija | 951113s1869 sp |||| | spa d |
| 080 ## - NÚMERO DE LA CLASIFICACIÓN DECIMAL UNIVERSAL | |
| Número de la Clasificación Decimal Universal | 7:5/6(04) |
| 245 00 - MENCIÓN DEL TÍTULO | |
| Título | Discursos leídos ante la Academia de Ciencias Exactas, Físicas y Naturales en la recepción pública del Sr. D. Eduardo Saavedra el día 27 de junio de 1869. |
| 260 ## - PUBLICACIÓN, DISTRIBUCIÓN, ETC. | |
| Lugar de publicación, distribución, etc. | Madrid : |
| Nombre del editor, distribuidor, etc. | [s.n.], |
| Fecha de publicación, distribución, etc. | 1869 ( |
| Fabricante | Viuda de Aguado e Hijo) |
| 300 ## - DESCRIPCIÓN FÍSICA | |
| Extensión | 44 p. ; |
| Dimensiones | 26 cm. |
| 530 ## - NOTA DISPONIBLE DE FORMULARIO FÍSICO ADICIONAL | |
| Nota de formato físico adicional disponible | Disponible en formato digital. |
| 594 ## - Nota al título y mención de responsabilidad | |
| Nota al título y mención de responsabilidad | Recoge el discurso de Eduardo Saavedra y el discurso de contestación de José Echegaray. |
| 650 #7 - PUNTO DE ACCESO ADICIONAL DE MATERIA--TÉRMINO DE MATERIA | |
| Término de materia o nombre geográfico como elemento de entrada | Arte y ciencia |
| Fuente del encabezamiento o término | embne |
| 9 (RLIN) | 10329 |
| 700 1# - ENTRADA AGREGADA--NOMBRE PERSONAL | |
| Nombre de persona | Saavedra, Eduardo, |
| Fechas asociadas al nombre | 1829-1912 |
| 9 (RLIN) | 101132 |
| 700 1# - ENTRADA AGREGADA--NOMBRE PERSONAL | |
| Nombre de persona | Echegaray, José, |
| Fechas asociadas al nombre | 1832-1916 |
| 9 (RLIN) | 46526 |
| 710 2# - ENTRADA AGREGADA--NOMBRE DE ENTIDAD CORPORATIVA | |
| Nombre de entidad corporativa o nombre de jurisdicción como elemento de entrada | Real Academia de Ciencias Exactas, Físicas y Naturales de España. |
| 9 (RLIN) | 175635 |
| 852 4# - LOCALIZACIÓN | |
| Ubicación | ES-MaACL |
| Número de control de estantería | T-102-F-4 |
| Nota libre | - Enc. hol. |
| -- | - Enc. en un vol. facticio |
| 852 4# - LOCALIZACIÓN | |
| Ubicación | ES-MaACL |
| Número de control de estantería | T-97-F-10 |
| Nota libre | - Enc. hol. |
| -- | - Enc. en un vol. facticio |
| 856 4# - LOCALIZACIÓN Y ACCESO ELECTRÓNICOS | |
| Identificador Uniforme de Recursos | <a href="http://bdh-rd.bne.es/viewer.vm?id=0000090023&page=1 ">http://bdh-rd.bne.es/viewer.vm?id=0000090023&page=1 </a> |
| Nota pública | Biblioteca Digital Hispánica |
| Estatus retirado | Estado de pérdida | Estado de daño | No para préstamo | Colección | Biblioteca de origen | Biblioteca actual | Ubicación en estantería | Fecha de adquisición | Total de préstamos | Signatura topográfica completa | Código de barras | Visto por última vez | Precio de reemplazo | Tipo de ítem Koha |
|---|---|---|---|---|---|---|---|---|---|---|---|---|---|---|
| Colección de folletos | Biblioteca del Ateneo de Madrid | Biblioteca del Ateneo de Madrid | Depósito folletos | 17/01/2008 | T-97-F-10 | 1160431 | 23/02/2023 | 23/02/2023 | Folleto | |||||
| Colección de folletos | Biblioteca del Ateneo de Madrid | Biblioteca del Ateneo de Madrid | Depósito folletos | 17/01/2008 | T-102-F-4 | 1160430 | 23/02/2023 | 23/02/2023 | Folleto |
